|
|
|
|
| LEADER |
00000nta a2200000 i 4500 |
| 001 |
dolg7538 |
| 005 |
20161124140802.0 |
| 008 |
161005suuuu hu om 000 hun d |
| 040 |
|
|
|a BGE Dolgozattár Repozitórium
|b hun
|
| 041 |
|
|
|a hu
|
| 100 |
1 |
|
|a Weil Thomas
|
| 245 |
1 |
0 |
|a Outsourcing
|b A TATA Consultancy Services
|c Weil Thomas
|h [elektronikus dokumentum]
|
| 695 |
|
|
|a Outsourcing
|
| 695 |
|
|
|a TATA Consultancy Services
|
| 700 |
1 |
|
|a Király Dr. Éva
|e ths
|
| 856 |
4 |
0 |
|u http://dolgozattar.uni-bge.hu/7538/1/tqb5l3%20T%C3%81V%20Weil%20Thomas%20Szakdolgozat%20Outsourcing%20A%20TATA%20Consultancy%20Services%20v3.pdf
|z Dokumentum-elérés
|